| 000 | 00399pab a2200133 454500 | ||
|---|---|---|---|
| 008 | 180718b xxu||||| |||| 00| 0 eng d | ||
| 100 | _aAli, Syed Mubashir | ||
| 245 | _aHealth care in Pakistan: a dilemma of population growth | ||
| 650 | _a Primary Health Care | ||
| 650 | _a Population | ||
| 650 | _aHealth Services - Pakistan | ||
| 773 | _aHealth and Population- Perspective and Issues | ||
| 909 | _a2314 | ||
| 999 |
_c2314 _d2314 |
||